000
00312nam a2200133Ia 4500
008
240624s9999 xx 000 0 und d
041
_a
eng
082
_a
823 STE
100
_a
STEEL DANIELLE
245
_a
44 CHARLES STREET
260
_c
2012
_a
London
_b
Corgi Books
300
_a
380p. ; 18cm.
365
_c
RS
_b
25
999
_c
19833
_d
19833